Birdy flynn / (Record no. 2941)

MARC details
000 -LEADER
fixed length control field 01714nam a22002657a 4500
001 - CONTROL NUMBER
control field 2941
003 - CONTROL NUMBER IDENTIFIER
control field FISKH
005 - DATE AND TIME OF LATEST TRANSACTION
control field 20240124144928.0
008 - FIXED-LENGTH DATA ELEMENTS--GENERAL INFORMATION
fixed length control field 240124b cb ||||| |||| 00| 0 eng d
020 ## - INTERNATIONAL STANDARD BOOK NUMBER
International Standard Book Number 9781780749396
040 ## - CATALOGING SOURCE
Original cataloging agency FISKH
Language of cataloging eng
Transcribing agency FISKH
Modifying agency FISKH
050 ## - LIBRARY OF CONGRESS CALL NUMBER
Classification number PZ7
082 ## - DEWEY DECIMAL CLASSIFICATION NUMBER
Classification number 813.6
100 ## - MAIN ENTRY--PERSONAL NAME
Personal name Donohoe, Helen
245 ## - TITLE STATEMENT
Title Birdy flynn /
Statement of responsibility, etc. Helen Donohoe
260 ## - PUBLICATION, DISTRIBUTION, ETC.
Place of publication, distribution, etc. London :
Name of publisher, distributor, etc. Rock The Boat,
Date of publication, distribution, etc. 2017.
300 ## - PHYSICAL DESCRIPTION
Extent 372 pages :
Dimensions 20 cm
520 ## - SUMMARY, ETC.
Summary, etc. There is the secret of Birdy's dead grandmother's cat - how the boys tortured it and Birdy Flynn had to drown her in the river to stop her suffering. There's the secret of Mrs Cope, the popular teacher, who touched Birdy in the cupboard. There's the secret of the gypsy girl at school who Birdy likes, but she can't tell anyone. Because Birdy's other secret is that while she plays and fights as good as the boys, she is a girl, and she doesn't always feel like a girl is supposed to.Her beloved Irish mother has her own troubles, as does the rest of her rowdy family. So Birdy decides to do what she feels she has to - hold onto her secrets and try and become what others want, even if it means suffering and the risk of losing herself.In this luminescent, sad and funny portrayal of a girl growing up amid an imperfect family, Helen Donohoe has created a beautifully nuanced and deeply felt novel. Whatever their own story, every listener will recognise in Birdy their own struggle to find their place in the world.
650 ## - SUBJECT ADDED ENTRY--TOPICAL TERM
Topical term or geographic name entry element Young Adult
Source of heading or term Fiction
650 ## - SUBJECT ADDED ENTRY--TOPICAL TERM
Source of heading or term Transgender
Form subdivision Fiction
650 ## - SUBJECT ADDED ENTRY--TOPICAL TERM
Topical term or geographic name entry element Relationships
Form subdivision Juvenile Literature
650 ## - SUBJECT ADDED ENTRY--TOPICAL TERM
Topical term or geographic name entry element Terrorism
Form subdivision Fiction
650 ## - SUBJECT ADDED ENTRY--TOPICAL TERM
Topical term or geographic name entry element Immigrants
Form subdivision Fiction
942 ## - ADDED ENTRY ELEMENTS (KOHA)
Source of classification or shelving scheme Dewey Decimal Classification
Koha item type Books
Suppress in OPAC No
Holdings
Withdrawn status Lost status Source of classification or shelving scheme Damaged status Not for loan Collection Home library Current library Shelving location Date acquired Total Checkouts Full call number Barcode Date last seen Price effective from Koha item type
    Dewey Decimal Classification     Fiction Footprints International School Library Network Toul Kork Campus Footprints International School Library Network Toul Kork Campus   01/24/2024   DON Fic PZ7 FISSE03061 01/24/2024 01/24/2024 Books